| 000 | 00626nam a2200181 i 4500 | ||
|---|---|---|---|
| 001 | 19705 | ||
| 003 | ES-MaACL | ||
| 005 | 20230906152142.0 | ||
| 007 | t| | ||
| 008 | 021008s1903 sp ||||1| spa d | ||
| 100 | 1 |
_aAbós Ferrer, Ángel, _d1878-1952 _918112 |
|
| 245 | 1 | 4 |
_aLas indicaciones quirúrgicas en el mal de Pott _b: memoria del doctorado en medicina y cirujía [sic] / _cpresentada por Angel Abós Ferrer. |
| 260 |
_aZaragoza : _b[s.n.], _c1903 ( _fTip. de Andrés Arantegui) |
||
| 300 |
_a38 p. ; _c21 cm. |
||
| 650 | 4 |
_aTuberculosis vertebral. _9151067 |
|
| 852 |
_aES-MaACL _jT-1049-F-2 |
||
| 999 |
_c19705 _d19705 |
||